Albums by Cover Art - Punk - Statistics

General Stats
  • This quiz has been taken 663 times
    152 since last reset
  • The average score is 8 of 20
Answer Stats
Picture Answer % Correct
The Clash - London Calling
93%
Ramones - Ramones
90%
The Sex Pistols - Never Mind the Bollocks, Here's the Sex Pistols
89%
Patti Smith - Horses
59%
Dead Kennedys - Fresh Fruit for Rotting Vegetables
52%
Bad Brains - Bad Brains
48%
Black Flag - Damaged
46%
X - Los Angeles
45%
Wire - Pink Flag
43%
Minor Threat - Minor Threat
37%
Rancid - ...And Out Come the Wolves
34%
Misfits - Walk Among Us
31%
Buzzcocks - Love Bites
30%
The Damned - Damned Damned Damned
30%
Bad Religion - Recipe For Hate
23%
Richard Hell & the Voidoids - Blank Generation
21%
Bikini Kill - Pussy Whipped
19%
Sleater-Kinney - Dig Me Out
17%
The Stranglers - Stranglers IV (Rattus Norvegicus)
16%
Heartbreakers - L.A.M.F.
10%
No matching quizzes found
Score Distribution
Percent of People with Each Score
Percentile by Number Answered
Your Score History
You have not taken this quiz since the last reset